Estudio geológico de la zona de reserva de la explotación nacional de petróleo en comodoro Rivadavia (Territorio nacional del Chubut) (Record no. 26136)

MARC details
000 -LEADER
fixed length control field 01091cam a22002531 4500
001 - CONTROL NUMBER
control field gs 21000442
003 - CONTROL NUMBER IDENTIFIER
control field DLC
005 - DATE AND TIME OF LATEST TRANSACTION
control field 20260227111326.0
008 - FIXED-LENGTH DATA ELEMENTS--GENERAL INFORMATION
fixed length control field 891016s1921 ag af b 000 0 spa
010 ## - LIBRARY OF CONGRESS CONTROL NUMBER
LC control number gs 21000442
035 ## - SYSTEM CONTROL NUMBER
System control number (OCoLC)20496202
040 ## - CATALOGING SOURCE
Original cataloging agency DLC
Transcribing agency CU
Modifying agency CU
-- DLC
042 ## - AUTHENTICATION CODE
Authentication code premarc
050 00 - LIBRARY OF CONGRESS CALL NUMBER
Classification number QE231
Item number .A28 no. 25
100 1# - MAIN ENTRY--PERSONAL NAME
Personal name Wichmann, Richard,
Dates associated with a name 1881-1930.
245 00 - TITLE STATEMENT
Title Estudio geológico de la zona de reserva de la explotación nacional de petróleo en comodoro Rivadavia (Territorio nacional del Chubut)
Statement of responsibility, etc. por el doctor Ricardo Wichmann.
260 ## - PUBLICATION, DISTRIBUTION, ETC.
Place of publication, distribution, etc. Buenos Aires,
Name of publisher, distributor, etc. Talleres gráficos del Ministerio de agricultura de la nación,
Date of publication, distribution, etc. 1921.
300 ## - PHYSICAL DESCRIPTION
Extent 1 p. l., 18, [1] p.
Other physical details 3 fold. pl. (diagrs.)
Dimensions 27 cm.
410 10 - SERIES STATEMENT/ADDED ENTRY--CORPORATE NAME [OBSOLETE, CAN/MARC], [LOCAL, USA]
Corporate name or jurisdiction name as entry element Argentina.
Subordinate unit Dirección General de Minas y Geología.
Title of a work Boletin
Volume number/sequential designation no. 25. Ser. B (Geologia)
500 ## - GENERAL NOTE
General note At head of title: Ministerio de agricultura de la nación. Dirección general de minas, geología e hidrología.
504 ## - BIBLIOGRAPHY, ETC. NOTE
Bibliography, etc. note "Bibliografia": 1 p. after p. 18.
650 #0 - SUBJECT ADDED ENTRY--TOPICAL TERM
Topical term or geographic name entry element Geology
Geographic subdivision Argentina.
650 #0 - SUBJECT ADDED ENTRY--TOPICAL TERM
Topical term or geographic name entry element Petrology
Geographic subdivision Argentina.

No items available.

Powered by Koha